|
|
|
|
| LEADER |
00000nta a2200000 i 4500 |
| 001 |
dolg3991 |
| 005 |
20151212130904.0 |
| 008 |
151212suuuu hu o 000 hun d |
| 040 |
|
|
|a BGE Dolgozattár Repozitórium
|b hun
|
| 041 |
|
|
|a hu
|
| 100 |
1 |
|
|a Diószegi Tamás
|
| 245 |
1 |
0 |
|a MŰTRÁGYA KÜLDEMÉNYEK FUVAROZÁSA ZÁHONY KÖRZETBEN VÉGZETT ÁTRAKÁSSAL
|c Diószegi Tamás
|h [elektronikus dokumentum]
|
| 516 |
|
|
|a Final_paper
|
| 695 |
|
|
|a Záhony
|
| 695 |
|
|
|a műtrágya küldemény
|
| 700 |
1 |
|
|a Horváth Dr. Annamária
|e ths
|
| 856 |
4 |
0 |
|u http://dolgozattar.uni-bge.hu/3991/1/M%C5%B0TR%C3%81GYA%20K%C3%9CLDEM%C3%89NYEK%20FUVAROZ%C3%81SA%20Z%C3%81HONY%20K%C3%96RZETBEN%20V%C3%89GZETT%20%C3%81TRAK%C3%81SSAL.pdf
|z Dokumentum-elérés
|